Statistics for Kingdom Hearts Worlds Quiz

Click here to take the quiz!

General Stats

  • This quiz has been taken 481 times
    (480 since last reset)
  • The average score is 24 of 30

Answer Stats

Kingdom Hearts 1% Correct
Wonderland
92%
Destiny Islands
91%
Halloween Town
90%
Halloween Town
90%
Olympus Coliseum
90%
Agrabah
89%
Agrabah
89%
Atlantica
89%
Hollow Bastion/Radiant Garden
89%
Traverse Town
89%
Hollow Bastion
88%
Twilight Town
87%
Atlantica
86%
Olympus Coliseum
85%
Monstro
82%
Neverland
81%
Castle Oblivion
78%
Deep Jungle (Tarzan)
76%
Port Royal
75%
Pride Lands
75%
The World That Never Was
75%
Beast's Castle
74%
Disney Castle
74%
Disney Castle
74%
The Land of Dragons
73%
End of the World
72%
Timeless River
62%
Space Paranoids
60%
100 Acre Woods
56%
100 Acre Woods
54%

Score Distribution

Percentile by Number Answered

Percent of People with Each Score

Your Score History

You have not taken this quiz since the last reset